000 00844nab a2200253 u 4500
001 17178
003 HDC
007 cr bn ---aaaaa
008 210223c |r|noo 0 a d
040 _aHDC
100 _aUmi Hani Sharani,
_eauthor
_916691
245 0 _aGlobal halal players to address challenges /
_cby Umi Hani Sharani
260 _aBrunei :
_bBrunei Times PLC,
_c2007
336 _atext
_2rdacontent
337 _acomputer
_2rdamedia
338 _aonline resource
_2rdacarrier
650 _aGlobal halal players
_916692
650 _aHalal industry
_9144
710 _aThe Brunei Times
856 _zRequest full-text at [email protected]
942 _2lcc
942 _cNEWS
942 _kNWSO 009335
999 _c14494
_d14494